Literary Best Friends Quiz Stats

Quiz Updated Jul 7, 2015

Challenge
Share
Tweet
Score 0/15 Timer 06:00
0 Plays Today
% Correct
Tom Sawyer
96%
Samwise Gamgee
91.3%
James Potter
87.1%
Charlotte
81.5%
Scout Finch
73.6%
Lisbeth Salander
67.8%
Tyrion Lannister
65.9%
Asterix
62.7%
% Correct
Elizabeth Bennet
61.7%
Jo March
60.2%
Jane Eyre
54.9%
Gilgamesh
51.8%
Philip Pirrip
45.2%
Anne Shirley
39.5%
Sal Paradise
33.4%

You're not logged in!

Compare scores with friends on all Sporcle quizzes.
Join for Free
OR
Log In

You Might Also Like...

Show Comments

Extras

Top Quizzes Today


Score Distribution

Your Account Isn't Verified!

In order to create a playlist on Sporcle, you need to verify the email address you used during registration. Go to your Sporcle Settings to finish the process.

Report this User

Report this user for behavior that violates our Community Guidelines.

Details: